|
|
|
|
| LEADER |
01217nam a22003252a 4500 |
| 001 |
000130191 |
| 003 |
CZ BrMZK |
| 005 |
20190131091221.0 |
| 007 |
ta |
| 008 |
950101s1992 xr f cze d |
| 015 |
|
|
|a cnb000073337
|
| 020 |
|
|
|a 80-900015-1-3
|q (váz.)
|z 80-90-0015-1-3 :
|c Kčs 45,00
|
| 035 |
|
|
|a (OCoLC)85635312
|
| 040 |
|
|
|a ABA001
|b cze
|d BOA001
|
| 041 |
1 |
|
|a cze
|h eng
|
| 080 |
9 |
|
|a 82-31/-32
|
| 080 |
9 |
|
|a 820-31
|
| 100 |
1 |
|
|a Wells, H. G.
|q (Herbert George),
|d 1866-1946
|7 jn19990009045
|4 aut
|
| 240 |
1 |
0 |
|a Time machine.
|l Česky
|7 aun2011622570
|
| 245 |
1 |
0 |
|a Stroj času /
|c H.C. Wells ; [přeložila Jana Mertinová ; ilustrace ... Petr Minka]
|
| 250 |
|
|
|a Vyd. 2.
|
| 260 |
|
|
|a Praha :
|b Lika klub,
|c 1992
|f (Naše vojsko)
|
| 300 |
|
|
|a 159 s. :
|b il. ;
|c 22 cm
|
| 500 |
|
|
|a Přeloženo z angličtiny
|
| 655 |
|
7 |
|a vědecko-fantastické romány
|7 fd133847
|2 czenas
|
| 700 |
1 |
|
|a Mertinová, Jana,
|d 1952-
|7 jk01081308
|4 trl
|
| 856 |
4 |
1 |
|u http://www.digitalniknihovna.cz/mzk/uuid/uuid:a45f3d80-45e2-11e7-aac4-005056827e51
|y Digitalizovaný dokument
|x NDK
|
| 910 |
|
|
|a BOA001
|b 2-0984.558
|
| 990 |
|
|
|a BK
|
| 996 |
6 |
|
|b 2619974150
|c 2-0984.558
|l MZK
|r Sklad / do 1 hodiny
|n 74
|w 000130191
|u 000010
|a 1
|e BOA001
|j MZK50
|s P
|